000 00332 a2200109 4500
001 ART_18353
005 20260410161919.0
008 260409a
245 1 0 _aRégimen impositivo de las cooperativas
100 1 _aVacarezza, Juan Carlos
773 0 _tLa información
_g- Tomo XXXIII, Nº 558 (jun. 1976)
_wREV14902
999 _c27538
_d27538